[Event "BCF-chT3 0809 (4NCL)"]
[Site "Hinckley Island"]
[Date "2009.05.02"]
[Round "9.1"]
[White "Richmond, Robert"]
[Black "Kendall, Paul SN"]
[Result "1/2-1/2"]
[WhiteElo "2223"]
[BlackElo "2063"]
[PlyCount "75"]
[EventDate "2008.10.18"]
[EventType "team-swiss"]
[EventRounds "11"]
[EventCountry "ENG"]
[SourceTitle "EXT 2010"]
[Source "ChessBase"]
[SourceDate "2010.11.25"]
[SourceVersion "1"]
[SourceVersionDate "2010.11.25"]
[SourceQuality "1"]
[WhiteTeam "Nottinghamshire"]
[BlackTeam "FCA Solutions II"]
[WhiteTeamCountry "ENG"]
[BlackTeamCountry "ENG"]

1. d4 Nf6 2. c4 e6 3. Nc3 Bb4 4. Qc2 Nc6 5. Nf3 d6 6. a3 Bxc3+ 7. Qxc3 0-0 8. e3 Re8 9. Be2 e5 10. dxe5 dxe5 11. 0-0 Qe7 12. b4 Bg4 13. h3 Bh5 14. b5 e4 15. bxc6 exf3 16. Bxf3 Bxf3 17. gxf3 b6 18. Bb2 Qc5 19. Kh2 Re6 20. Rad1 Rxc6 21. Rg1 Kf8 22. Rd4 Rd6 23. Rf4 Rad8 24. a4 Rd3 25. Qc1 Nh5 26. Rfg4 Qd6+ 27. f4 Rd1 28. Be5 Qd2 29. Rxd1 Qxd1 30. Qxd1 Rxd1 31. Bxc7 Nf6 32. Rg5 Ne4 33. Re5 Nf6 34. c5 bxc5 35. Rxc5 Rd2 36. Kg1 Ne4 37. Re5 Nxf2 38. Bd6+ 1/2-1/2

[Event "BCF-chT3 0809 (4NCL)"]
[Site "Hinckley Island"]
[Date "2009.02.08"]
[Round "6.1"]
[White "Hosken, Nigel"]
[Black "Richmond, Robert"]
[Result "1-0"]
[WhiteElo "2057"]
[BlackElo "2223"]
[PlyCount "95"]
[EventDate "2008.10.18"]
[EventType "team-swiss"]
[EventRounds "11"]
[EventCountry "ENG"]
[SourceTitle "EXT 2010"]
[Source "ChessBase"]
[SourceDate "2010.11.25"]
[SourceVersion "1"]
[SourceVersionDate "2010.11.25"]
[SourceQuality "1"]
[WhiteTeam "Gloucestershire Gambits"]
[BlackTeam "Nottinghamshire"]
[WhiteTeamCountry "ENG"]
[BlackTeamCountry "ENG"]

1. d4 Nf6 2. c4 c5 3. d5 e5 4. Nc3 d6 5. e4 Be7 6. g3 a6 7. a4 0-0 8. Bg2 Nbd7 9. Nge2 Ne8 10. 0-0 Kh8 11. h3 g6 12. Bh6 Rg8 13. Kh2 g5 14. f4 exf4 15. gxf4 g4 16. Ng3 Rg6 17. Nf5 Nb8 18. Nxe7 Qxe7 19. Bg5 f6 20. Bh4 gxh3 21. Bf3 Qg7 22. Rg1 Qh6 23. Bg3 Nd7 24. Qe2 Nf8 25. Bh5 Bd7 26. Bxg6 Nxg6 27. Raf1 b6 28. e5 Bf5 29. Ne4 Rd8 30. exd6 Nxd6 31. Nxd6 Rxd6 32. Qe8+ Qf8 33. Qxf8+ Nxf8 34. Re1 Ng6 35. Re8+ Kg7 36. Rge1 h5 37. R1e3 b5 38. Rc8 bxc4 39. Rxc5 Rb6 40. Re2 Rb4 41. d6 Bg4 42. Rc7+ Kh6 43. d7 Rb8 44. Rd2 Rd8 45. Rxc4 Bxd7 46. Rcd4 Nf8 47. Rd6 Kg6 48. Bh4 1-0

[Event "BCF-chT4 0708 (4NCL)"]
[Site "England"]
[Date "2008.05.04"]
[Round "10.1"]
[White "Rawlinson, Aidan"]
[Black "Richmond, Robert"]
[Result "1-0"]
[WhiteElo "2233"]
[BlackElo "2243"]
[PlyCount "35"]
[EventDate "2007.09.15"]
[EventType "team-swiss"]
[EventRounds "11"]
[EventCountry "ENG"]
[SourceTitle "EXT 2009"]
[Source "ChessBase"]
[SourceDate "2008.11.26"]
[SourceVersion "1"]
[SourceVersionDate "2008.11.26"]
[SourceQuality "1"]
[WhiteTeam "Oxford II"]
[BlackTeam "Nottinghamshire"]
[WhiteTeamCountry "ENG"]
[BlackTeamCountry "ENG"]

1. e4 e6 2. d4 d5 3. Nc3 Bb4 4. e5 c5 5. a3 Bxc3+ 6. bxc3 Qc7 7. Qg4 f5 8. Qg3 cxd4 9. cxd4 Ne7 10. c3 0-0 11. Ne2 Nbc6 12. Nf4 Na5 13. Rb1 Bd7 14. h4 Rac8 15. Rh3 Rf7 16. Be2 Qc6 17. Bh5 Rff8 18. Qg5 1-0

[Event "BCF-chT4 0708 (4NCL)"]
[Site "England"]
[Date "2008.03.16"]
[Round "8.1"]
[White "James, Stephen C"]
[Black "Richmond, Robert"]
[Result "0-1"]
[WhiteElo "2130"]
[BlackElo "2260"]
[PlyCount "58"]
[EventDate "2007.09.15"]
[EventType "team-swiss"]
[EventRounds "11"]
[EventCountry "ENG"]
[SourceTitle "EXT 2009"]
[Source "ChessBase"]
[SourceDate "2008.11.26"]
[SourceVersion "1"]
[SourceVersionDate "2008.11.26"]
[SourceQuality "1"]
[WhiteTeam "Pontypridd"]
[BlackTeam "Nottinghamshire"]
[WhiteTeamCountry "ENG"]
[BlackTeamCountry "ENG"]

1. d4 Nf6 2. Nf3 b6 3. g3 Bb7 4. Bg2 e6 5. 0-0 Be7 6. c4 0-0 7. Nc3 d6 8. Qc2 c5 9. dxc5 bxc5 10. Rd1 Nc6 11. Bg5 Qb8 12. Rd2 h6 13. Bxf6 Bxf6 14. Rad1 Be7 15. e4 e5 16. Nd5 Bd8 17. Bh3 Nd4 18. Nxd4 cxd4 19. Qa4 a5 20. Bd7 Bxd5 21. cxd5 Bb6 22. Bc6 Ra7 23. Qb5 Qd8 24. h4 f5 25. Qe2 Raf7 26. Bb5 f4 27. Bd3 Qd7 28. Kh2 Bd8 29. Bb5 fxg3+ 0-1

[Event "BCF-chT4 0708 (4NCL)"]
[Site "England"]
[Date "2008.02.10"]
[Round "6.1"]
[White "Quinn, John M"]
[Black "Richmond, Robert"]
[Result "1-0"]
[WhiteElo "2164"]
[BlackElo "2260"]
[PlyCount "53"]
[EventDate "2007.09.15"]
[EventType "team-swiss"]
[EventRounds "11"]
[EventCountry "ENG"]
[SourceTitle "EXT 2009"]
[Source "ChessBase"]
[SourceDate "2008.11.26"]
[SourceVersion "1"]
[SourceVersionDate "2008.11.26"]
[SourceQuality "1"]
[WhiteTeam "Athenaeum"]
[BlackTeam "Nottinghamshire"]
[WhiteTeamCountry "ENG"]
[BlackTeamCountry "ENG"]

1. d4 f5 2. Nc3 Nf6 3. Bg5 d5 4. Bxf6 exf6 5. e3 c6 6. Bd3 Bd6 7. Qf3 g6 8. h3 Na6 9. a3 Qe7 10. Nge2 h5 11. g4 hxg4 12. hxg4 Rxh1+ 13. Qxh1 fxg4 14. Bxg6+ Kd8 15. Qh8+ Kc7 16. Kd2 Rb8 17. Rh1 Be6 18. Qh7 Rg8 19. Nf4 Kb6 20. Nxe6 Rxg6 21. Qxg6 Qxe6 22. Rh7 Nc7 23. Na4+ Ka5 24. Nc5 Bxc5 25. Rxc7 Bb6 26. Rxb7 g3 27. Qd3 1-0

[Event "BCF-chT4 0708 (4NCL)"]
[Site "England"]
[Date "2007.11.24"]
[Round "3.1"]
[White "Richmond, Robert"]
[Black "Stewart, Joseph"]
[Result "1-0"]
[WhiteElo "2257"]
[BlackElo "2005"]
[PlyCount "85"]
[EventDate "2007.09.15"]
[EventType "team-swiss"]
[EventRounds "11"]
[EventCountry "ENG"]
[SourceTitle "EXT 2009"]
[Source "ChessBase"]
[SourceDate "2008.11.26"]
[SourceVersion "1"]
[SourceVersionDate "2008.11.26"]
[SourceQuality "1"]
[WhiteTeam "Nottinghamshire"]
[BlackTeam "Littlehorpe II"]
[WhiteTeamCountry "ENG"]
[BlackTeamCountry "ENG"]

1. d4 d5 2. c4 c6 3. Nf3 Nf6 4. Nc3 e6 5. e3 Bd6 6. Qc2 Nbd7 7. cxd5 exd5 8. Bd3 0-0 9. Bd2 Re8 10. h3 Qe7 11. 0-0-0 Ne4 12. Be1 Nf8 13. g4 Bd7 14. Bxe4 dxe4 15. Nd2 f5 16. gxf5 Bxf5 17. f3 Bg6 18. fxe4 Bb4 19. Bh4 Qe6 20. Rdg1 Bxc3 21. bxc3 Bxe4 22. Nxe4 Qxe4 23. Qxe4 Rxe4 24. Bf6 Ng6 25. Bg5 Re6 26. h4 h6 27. Bxh6 gxh6 28. h5 Kh7 29. hxg6+ Rxg6 30. Rxg6 Kxg6 31. Kd2 Rf8 32. Rg1+ Kh7 33. Ke2 h5 34. e4 b5 35. e5 Kh6 36. Ke3 h4 37. Ke4 Rf2 38. e6 Re2+ 39. Kf5 h3 40. Kf6 h2 41. Rh1 Rf2+ 42. Ke7 Kg5 43. Kd7 1-0

[Event "BCF-chT4 0506 (4NCL)"]
[Site "West Bromwich"]
[Date "2006.05.28"]
[Round "10.2"]
[White "Acey, Gerald"]
[Black "Richmond, Robert"]
[Result "1/2-1/2"]
[WhiteElo "2140"]
[BlackElo "2190"]
[PlyCount "77"]
[EventDate "2005.11.05"]
[EventType "team"]
[EventRounds "11"]
[EventCountry "ENG"]
[SourceTitle "CBM 109 Extra"]
[Source "ChessBase"]
[SourceDate "2006.01.03"]
[SourceVersion "2"]
[SourceVersionDate "2006.01.03"]
[SourceQuality "1"]
[WhiteTeam "Cheddleton"]
[BlackTeam "Nottinghamshire"]
[WhiteTeamCountry "ENG"]
[BlackTeamCountry "ENG"]

1. Nc3 d5 2. e4 e6 3. g3 Nf6 4. Bg2 c5 5. d3 Nc6 6. Qe2 d4 7. Nd1 Be7 8. Nf3 e5 9. 0-0 h6 10. Ne1 g5 11. f3 Be6 12. Nf2 Qc7 13. Bd2 Nd7 14. c3 Qb6 15. Bc1 0-0-0 16. Nc2 Kb8 17. cxd4 cxd4 18. Na3 Nc5 19. b3 Qa6 20. Nc2 h5 21. Bd2 h4 22. Rfb1 Qb6 23. b4 Na4 24. b5 Na5 25. Qe1 Nc3 26. Bxc3 dxc3 27. Qxc3 hxg3 28. hxg3 Rc8 29. Qxe5+ Bd6 30. Qd4 Qc7 31. b6 axb6 32. Qxb6 Qxb6 33. Rxb6 Bxg3 34. Ne3 Bf4 35. Nfg4 Rc3 36. Rb5 Rxd3 37. Rxa5 Bxe3+ 38. Nxe3 Rxe3 39. Rxg5 1/2-1/2

[Event "BCF-chT4 0506 (4NCL)"]
[Site "West Bromwich"]
[Date "2006.02.11"]
[Round "5.1"]
[White "Richmond, Robert"]
[Black "Osborne, David C"]
[Result "0-1"]
[WhiteElo "2190"]
[BlackElo "2085"]
[PlyCount "98"]
[EventDate "2005.11.05"]
[EventType "team"]
[EventRounds "11"]
[EventCountry "ENG"]
[SourceTitle "CBM 109 Extra"]
[Source "ChessBase"]
[SourceDate "2006.01.03"]
[SourceVersion "2"]
[SourceVersionDate "2006.01.03"]
[SourceQuality "1"]
[WhiteTeam "Nottinghamshire"]
[BlackTeam "Grendel's Mother"]
[WhiteTeamCountry "ENG"]
[BlackTeamCountry "ENG"]

1. d4 d5 2. c4 c6 3. Nf3 Nf6 4. Nc3 dxc4 5. a4 Bg4 6. Ne5 Bh5 7. f3 e6 8. Nxc4 Bb4 9. Qb3 Na6 10. e3 c5 11. dxc5 0-0 12. c6 Nd5 13. Bd2 Nc5 14. Qc2 Bxc3 15. Bxc3 Bg6 16. e4 Nxc3 17. cxb7 Rb8 18. Qxc3 Rxb7 19. b4 Nxe4 20. fxe4 Qh4+ 21. g3 Qxe4+ 22. Kf2 Rxb4 23. Be2 Qf5+ 24. Qf3 Qc5+ 25. Qe3 Rxc4 26. Bxc4 Qxc4 27. Rhc1 Qa6 28. Rc7 Ra8 29. Rac1 h6 30. Qd4 Kh7 31. R1c6 Qa5 32. Rc5 Qb6 33. a5 Qb1 34. Rc1 Qa2+ 35. Kg1 Qxa5 36. h4 Qa6 37. R7c3 Qa5 38. Rc5 Qb6 39. h5 Bf5 40. g4 Rd8 41. Qf2 Bxg4 42. Qxf7 Bf5 43. Qc7 Qb3 44. R5c3 Rd1+ 45. Kf2 Qb2+ 46. Kf3 Rd4 47. Rg1 Be4+ 48. Kg3 Qd2 49. Qc5 e5 0-1

[Event "BCF-chT4 0506 (4NCL)"]
[Site "West Bromwich"]
[Date "2005.12.04"]
[Round "4.2"]
[White "Richmond, Robert"]
[Black "Kendall, Paul SN"]
[Result "0-1"]
[WhiteElo "2190"]
[BlackElo "2075"]
[PlyCount "90"]
[EventDate "2005.11.05"]
[EventType "team"]
[EventRounds "11"]
[EventCountry "ENG"]
[SourceTitle "CBM 109 Extra"]
[Source "ChessBase"]
[SourceDate "2006.01.03"]
[SourceVersion "2"]
[SourceVersionDate "2006.01.03"]
[SourceQuality "1"]
[WhiteTeam "Nottinghamshire"]
[BlackTeam "FCA Solutions II"]
[WhiteTeamCountry "ENG"]
[BlackTeamCountry "ENG"]

1. d4 Nf6 2. c4 e6 3. Nc3 d5 4. Bg5 Nbd7 5. e3 c6 6. cxd5 exd5 7. Bd3 Be7 8. Qc2 Nf8 9. Nf3 Be6 10. 0-0 Nh5 11. Bxe7 Qxe7 12. a3 g6 13. b4 a6 14. Na4 Nd7 15. Nc5 Nxc5 16. bxc5 0-0 17. Rab1 Rae8 18. Nd2 Bc8 19. Rfe1 f5 20. f4 Qf6 21. Nf3 Re7 22. Ne5 g5 23. g3 gxf4 24. exf4 Rg7 25. Kf1 Qh6 26. Qf2 Nf6 27. Ke2 Ne4 28. Bxe4 fxe4 29. Ke3 Qh3 30. Rg1 h5 31. Kd2 Qf5 32. Kc3 Qf6 33. Kb2 Qd8 34. Ka2 Rf6 35. Rb2 Qf8 36. Qe2 Rxf4 37. Qxh5 Rf2 38. Rg2 e3 39. Qd1 Bh3 40. Rg1 Rxb2+ 41. Kxb2 Qf2+ 42. Kc3 e2 43. Qc1 Bf1 44. Nd3 Qxg1 45. Qh6 Bh3 0-1

[Event "BCF-chT4 0506 (4NCL)"]
[Site "West Bromwich"]
[Date "2005.11.06"]
[Round "2.2"]
[White "Richmond, Robert"]
[Black "Cox, Tristan"]
[Result "1/2-1/2"]
[WhiteElo "2190"]
[BlackElo "2095"]
[PlyCount "75"]
[EventDate "2005.11.05"]
[EventType "team"]
[EventRounds "11"]
[EventCountry "ENG"]
[SourceTitle "CBM 109 Extra"]
[Source "ChessBase"]
[SourceDate "2006.01.03"]
[SourceVersion "2"]
[SourceVersionDate "2006.01.03"]
[SourceQuality "1"]
[WhiteTeam "Nottinghamshire"]
[BlackTeam "Slough Sharks IV"]
[WhiteTeamCountry "ENG"]
[BlackTeamCountry "ENG"]

1. d4 Nf6 2. c4 c5 3. d5 b5 4. cxb5 a6 5. e3 e6 6. Nc3 axb5 7. dxe6 fxe6 8. Bxb5 Bb7 9. Nf3 Be7 10. 0-0 0-0 11. b3 Nc6 12. Bb2 d5 13. Na4 Bd6 14. Rc1 Qa5 15. Qe2 Na7 16. Bd3 c4 17. Bc2 Ba6 18. b4 Bxb4 19. Nc3 Nb5 20. Nxb5 c3 21. Ba1 Bxb5 22. Bd3 Bxd3 23. Qxd3 Ne4 24. Nd4 Qxa2 25. f3 Qd2 26. Qxd2 cxd2 27. Rb1 Nc3 28. Bxc3 Bxc3 29. Nxe6 Rfb8 30. Rbd1 Ra3 31. Kf2 Ba5 32. Ra1 Rbb3 33. Rxa3 Rxa3 34. Nf4 Bb6 35. Nxd5 Rd3 36. Nxb6 d1Q 37. Rxd1 Rxd1 38. Nc4 1/2-1/2

[Event "BCF-chT2 0405 (4NCL)"]
[Site "West Bromwich"]
[Date "2005.04.10"]
[Round "8.7"]
[White "Boyce, G Michael"]
[Black "Richmond, Robert"]
[Result "0-1"]
[WhiteElo "2058"]
[BlackElo "2257"]
[PlyCount "96"]
[EventDate "2004.09.18"]
[EventType "team"]
[EventRounds "11"]
[EventCountry "ENG"]
[SourceTitle "EXT 2006"]
[Source "ChessBase"]
[SourceDate "2005.11.24"]
[SourceVersion "1"]
[SourceVersionDate "2005.11.24"]
[SourceQuality "1"]
[WhiteTeam "Bristol II"]
[BlackTeam "Slough Sharks"]
[WhiteTeamCountry "ENG"]
[BlackTeamCountry "ENG"]

1. Nf3 f5 2. d4 Nf6 3. g3 g6 4. Bg2 Bg7 5. 0-0 0-0 6. c4 d6 7. Nc3 Qe8 8. d5 Na6 9. Nd4 Bd7 10. Rb1 c6 11. e3 Nc7 12. Qe2 c5 13. Ne6 Nxe6 14. dxe6 Bxe6 15. Bxb7 Rb8 16. Bg2 Qf7 17. b3 Nd7 18. Nd5 Nb6 19. Nxb6 Rxb6 20. Bb2 Bxb2 21. Rxb2 Rfb8 22. Rc1 a5 23. Rc3 a4 24. Qd2 Qf6 25. Bd5 Bxd5 26. Qxd5+ Kg7 27. Qd3 Qe5 28. Rcc2 Kf6 29. f4 Qe6 30. Qc3+ Kf7 31. Kf2 axb3 32. axb3 Qe4 33. Rc1 Ra6 34. Qc2 Qxc2+ 35. Rcxc2 Ra3 36. Rc3 Ra1 37. Rd3 Rc1 38. Ra2 Rb1 39. Ra3 Rb2+ 40. Kg1 Kf6 41. h3 h6 42. Kh1 g5 43. Kg1 h5 44. fxg5+ Kxg5 45. Ra7 Kf6 46. Ra3 Rg8 47. e4 fxe4 48. Re3 Ke5 0-1

[Event "BCF-chT2 0405 (4NCL)"]
[Site "West Bromwich"]
[Date "2005.04.09"]
[Round "7.7"]
[White "Richmond, Robert"]
[Black "Hanley, James L"]
[Result "0-1"]
[WhiteElo "2257"]
[BlackElo "2067"]
[PlyCount "76"]
[EventDate "2004.09.18"]
[EventType "team"]
[EventRounds "11"]
[EventCountry "ENG"]
[SourceTitle "EXT 2006"]
[Source "ChessBase"]
[SourceDate "2005.11.24"]
[SourceVersion "1"]
[SourceVersionDate "2005.11.24"]
[SourceQuality "1"]
[WhiteTeam "Slough Sharks"]
[BlackTeam "Micro Mark NWE II"]
[WhiteTeamCountry "ENG"]
[BlackTeamCountry "ENG"]

1. d4 Nf6 2. c4 g6 3. Nc3 Bg7 4. e4 d6 5. f4 0-0 6. Nf3 c5 7. d5 e6 8. Be2 exd5 9. cxd5 Bg4 10. 0-0 Re8 11. h3 Bxf3 12. Bxf3 Nbd7 13. Re1 a6 14. a4 Rb8 15. g4 h6 16. h4 Nh7 17. g5 f6 18. gxh6 Bxh6 19. Qe2 g5 20. Bg4 Kh8 21. Be6 gxf4 22. Qh5 Rxe6 23. dxe6 Qg8+ 24. Kf1 Qg3 25. Ne2 Qh3+ 26. Kf2 Ne5 27. Rd1 f3 28. Bxh6 Qg2+ 29. Ke3 Qxe2+ 30. Kf4 Qh2+ 31. Ke3 Qe2+ 32. Kf4 Rg8 33. e7 Qh2+ 34. Ke3 Nc4+ 35. Kd3 Qe2+ 36. Kc3 b5 37. e8Q Qxb2+ 38. Kd3 Qb3# 0-1

[Event "BCF-chT2 0405 (4NCL)"]
[Site "West Bromwich"]
[Date "2005.01.23"]
[Round "6.8"]
[White "Richmond, Robert"]
[Black "Bhatia, Kanwal K"]
[Result "1-0"]
[WhiteElo "2257"]
[BlackElo "2071"]
[PlyCount "137"]
[EventDate "2004.09.18"]
[EventType "team"]
[EventRounds "11"]
[EventCountry "ENG"]
[SourceTitle "EXT 2006"]
[Source "ChessBase"]
[SourceDate "2005.11.24"]
[SourceVersion "1"]
[SourceVersionDate "2005.11.24"]
[SourceQuality "1"]
[WhiteTeam "Slough Sharks"]
[BlackTeam "Barbican II"]
[WhiteTeamCountry "ENG"]
[BlackTeamCountry "ENG"]

1. d4 Nf6 2. c4 c5 3. d5 b5 4. cxb5 a6 5. e3 g6 6. Nc3 Bg7 7. Nf3 d6 8. a4 axb5 9. Bxb5+ Bd7 10. Bc4 0-0 11. 0-0 Bc8 12. e4 Nbd7 13. h3 Nb6 14. Be2 Bb7 15. Bf4 Ra5 16. Rc1 Nfd7 17. b3 Qa8 18. Nb5 Nf6 19. Qc2 Qd8 20. Nd2 Nfd7 21. Na3 f5 22. Ndc4 Ra8 23. f3 Ba6 24. Bd2 Nxc4 25. Bxc4 Ne5 26. Bxa6 Rxa6 27. Nc4 Qa8 28. a5 f4 29. Rb1 g5 30. Rfc1 h6 31. Kh1 Qc8 32. Nxe5 Bxe5 33. b4 Bd4 34. b5 Ra8 35. b6 Qb7 36. Qc4 Ra6 37. Qb5 Rc8 38. Rc4 Be5 39. Rbc1 Kf7 40. Kg1 Bf6 41. Kf1 Kf8 42. Ke2 Kf7 43. Be1 Be5 44. Bf2 Kg7 45. Kd3 Raa8 46. h4 Ra6 47. hxg5 hxg5 48. Rh1 Kg6 49. Be1 Raa8 50. Bd2 Bg7 51. Ke2 Bf6 52. Be1 Be5 53. Kd3 Kg7 54. Rh3 e6 55. dxe6 d5 56. exd5 Qxd5+ 57. Ke2 Rd8 58. Re4 g4 59. Rh4 gxf3+ 60. gxf3 Qd1+ 61. Kf2 Bd4+ 62. Kg2 Be3 63. Rg4+ Kh6 64. Qf1 Qc2+ 65. Kh1 Rd5 66. e7 Rh5+ 67. Bh4 Re8 68. b7 Qb3 69. Qa6+ 1-0

[Event "BCF-chT4a 0405 (4NCL)"]
[Site "Telford"]
[Date "2004.11.06"]
[Round "1.2"]
[White "Richmond, Robert"]
[Black "Forman, Karl"]
[Result "1-0"]
[WhiteElo "2257"]
[BlackElo "2035"]
[PlyCount "93"]
[EventDate "2004.11.06"]
[EventType "team"]
[EventRounds "11"]
[EventCountry "ENG"]
[SourceTitle "EXT 2006"]
[Source "ChessBase"]
[SourceDate "2005.11.24"]
[SourceVersion "1"]
[SourceVersionDate "2005.11.24"]
[SourceQuality "1"]
[WhiteTeam "Slough Sharks II"]
[BlackTeam "Hilsmark Kingfisher"]
[WhiteTeamCountry "ENG"]
[BlackTeamCountry "ENG"]

1. d4 Nf6 2. c4 g6 3. Nc3 d5 4. Bf4 Bg7 5. e3 0-0 6. cxd5 Nxd5 7. Nxd5 Qxd5 8. Bxc7 Nc6 9. Ne2 Bg4 10. Bf4 Rac8 11. Nc3 Qh5 12. f3 Bd7 13. Be2 Rfd8 14. 0-0 e5 15. dxe5 Nxe5 16. Rc1 Bc6 17. Qb3 Nd3 18. Bxd3 Rxd3 19. Rfd1 Qf5 20. Rxd3 Qxd3 21. Rd1 Qf5 22. Ne2 g5 23. Bg3 g4 24. e4 Qa5 25. Be1 Qc5+ 26. Bf2 Qa5 27. Nc3 gxf3 28. gxf3 Qg5+ 29. Kh1 Qh5 30. Nd5 Ba4 31. Qxa4 Qxf3+ 32. Kg1 b5 33. Qb3 Qxe4 34. Re1 Qg4+ 35. Qg3 Qxg3+ 36. Bxg3 Bd4+ 37. Kf1 Rc2 38. Re2 Rxe2 39. Kxe2 Bxb2 40. Nc7 b4 41. Na6 Kg7 42. Bf2 Kg6 43. Bxa7 Kf5 44. Nxb4 Kg4 45. Nd3 Ba3 46. Bc5 Bxc5 47. Nxc5 1-0

[Event "BCF-chT3 0203 (4NCL)"]
[Site "West Bromwich"]
[Date "2003.01.19"]
[Round "4.2"]
[White "Cumbers, Paul"]
[Black "Richmond, Robert"]
[Result "0-1"]
[WhiteElo "2040"]
[BlackElo "2219"]
[PlyCount "140"]
[EventDate "2002.11.??"]
[EventType "team"]
[EventRounds "11"]
[EventCountry "ENG"]
[SourceTitle "EXT 2004"]
[Source "ChessBase"]
[SourceDate "2003.11.25"]
[SourceVersion "1"]
[SourceVersionDate "2003.11.25"]
[SourceQuality "1"]
[WhiteTeam "White Rose II"]
[BlackTeam "Slough II"]
[WhiteTeamCountry "ENG"]
[BlackTeamCountry "ENG"]

1. c4 f5 2. g3 Nf6 3. Bg2 g6 4. Nc3 Bg7 5. d3 d6 6. e4 Nc6 7. Nge2 0-0 8. 0-0 e5 9. Nd5 Ne7 10. Rb1 c6 11. Nxf6+ Bxf6 12. Bh6 Rf7 13. Nc3 Kh8 14. Qd2 Be6 15. Bg5 Bg7 16. exf5 gxf5 17. Rfe1 Qf8 18. Qe2 Ng6 19. Qh5 Re8 20. Bd2 Rd7 21. Re2 d5 22. b3 e4 23. cxd5 cxd5 24. dxe4 dxe4 25. Nxe4 fxe4 26. Bxe4 Bf7 27. Bg5 Rxe4 28. Rxe4 Bd5 29. Ree1 Ne5 30. Rxe5 Bxe5 31. Bh6 Bg7 32. Bxg7+ Qxg7 33. Qe8+ Bg8 34. Re1 Qd4 35. h4 Rf7 36. Qe2 Rf8 37. Rd1 Rxf2 38. Qxf2 Qxd1+ 39. Kh2 Qg4 40. Qxa7 Qe2+ 41. Kg1 Qe4 42. Qf2 Kg7 43. Qb2+ Kg6 44. Kf2 Bd5 45. Qc3 Qg2+ 46. Ke1 Qf3 47. Qc7 Qe3+ 48. Kd1 Bf3+ 49. Kc2 Be4+ 50. Kb2 Qf2+ 51. Ka3 Qf5 52. Qc3 Kh5 53. Qg7 Qg6 54. Qe5+ Kg4 55. Qf4+ Kh3 56. h5 Qg4 57. Qe5 Bf3 58. h6 Kh2 59. Qb2+ Kxg3 60. Qe5+ Kh3 61. Qc7 Be4 62. Qd8 Qf5 63. Qd2 Kg4 64. Qh2 Kg5 65. Qd6 Qf4 66. Qe6 Qe3 67. Qd6 b6 68. Qh2 Qc1+ 69. Kb4 Qc5+ 70. Ka4 Bc6# 0-1

[Event "BCF-chT3 0203 (4NCL)"]
[Site "West Bromwich"]
[Date "2003.01.18"]
[Round "3.2"]
[White "Richmond, Robert"]
[Black "Freeman, Richard"]
[Result "1/2-1/2"]
[WhiteElo "2219"]
[BlackElo "2066"]
[PlyCount "85"]
[EventDate "2002.11.??"]
[EventType "team"]
[EventRounds "11"]
[EventCountry "ENG"]
[SourceTitle "EXT 2004"]
[Source "ChessBase"]
[SourceDate "2003.11.25"]
[SourceVersion "1"]
[SourceVersionDate "2003.11.25"]
[SourceQuality "1"]
[WhiteTeam "Slough II"]
[BlackTeam "Milton Keynes"]
[WhiteTeamCountry "ENG"]
[BlackTeamCountry "ENG"]

1. c4 g6 2. Nc3 Bg7 3. d4 d6 4. e4 e5 5. d5 Ne7 6. Bd3 0-0 7. Nge2 f5 8. exf5 gxf5 9. Bg5 Nd7 10. f4 e4 11. Bc2 Nf6 12. Qd2 Bd7 13. Nd4 Ng6 14. h4 h6 15. h5 hxg5 16. hxg6 Ng4 17. Ne6 e3 18. Qd1 Bxe6 19. dxe6 Bxc3+ 20. bxc3 Qf6 21. e7 Qxc3+ 22. Ke2 Qxc4+ 23. Bd3 Qxf4 24. Qb3+ Kg7 25. exf8Q+ Rxf8 26. Raf1 Nf2 27. Rh7+ Kxg6 28. Rxc7 Qg4+ 29. Ke1 Qb4+ 30. Qxb4 Nxd3+ 31. Ke2 Nxb4 32. Rxb7 Nxa2 33. Kxe3 Nc3 34. Rxa7 Re8+ 35. Kd3 Nd5 36. Kd4 Nf4 37. Rf2 Re4+ 38. Kc3 Kf6 39. Kd2 d5 40. Ra8 Ne6 41. Ra6 Ke5 42. Ra8 f4 43. Re2 1/2-1/2

[Event "BCF-chT3 0203 (4NCL)"]
[Site "West Bromwich"]
[Date "2002.11.09"]
[Round "1.2"]
[White "Richmond, Robert"]
[Black "Carleton, John Joseph"]
[Result "0-1"]
[WhiteElo "2219"]
[BlackElo "2266"]
[PlyCount "60"]
[EventDate "2002.11.??"]
[EventType "team"]
[EventRounds "11"]
[EventCountry "ENG"]
[SourceTitle "EXT 2004"]
[Source "ChessBase"]
[SourceDate "2003.11.25"]
[SourceVersion "1"]
[SourceVersionDate "2003.11.25"]
[SourceQuality "1"]
[WhiteTeam "Slough II"]
[BlackTeam "NW Eagles II"]
[WhiteTeamCountry "ENG"]
[BlackTeamCountry "ENG"]

1. d4 d5 2. c4 e6 3. Nc3 Bb4 4. e3 Nf6 5. Nge2 0-0 6. a3 Be7 7. Nf4 a5 8. Bd2 c6 9. Rc1 Nbd7 10. cxd5 exd5 11. Bd3 Re8 12. 0-0 Nf8 13. Na4 Bd6 14. Qb3 Ne4 15. Bxe4 Rxe4 16. Nb6 a4 17. Nxa4 Bxf4 18. f3 Bxe3+ 19. Bxe3 Rxe3 20. Qxe3 Rxa4 21. b4 Be6 22. f4 Bf5 23. b5 cxb5 24. Rc5 Qd7 25. Qe5 Be4 26. f5 Rc4 27. g4 h6 28. Rc1 Qd8 29. Rc7 Rxc1+ 30. Rxc1 Qg5 0-1